[Event "12 Ketrzynski Festiwal Szachowy - open A"]
[Site "Ketrzyn"]
[Date "2009.12.28"]
[Round "5.6"]
[White "Zielinski, Stanislaw"]
[Black "Kobus, Sebastian"]
[Result "1/2-1/2"]
[WhiteElo "2159"]
[BlackElo "2074"]
[PlyCount "80"]
[EventDate "2009.??.??"]

1. e3 e5 2. Bc4 d5 3. Bb3 c5 4. Ba4+ Bd7 5. Bxd7+ Nxd7 6. d4 cxd4 7. exd4 e4 8.
Ne2 Qh4 9. O-O Bd6 10. g3 Qh3 11. Bf4 Be7 12. f3 Ngf6 13. Nec3 O-O 14. Nd2 Nh5
15. fxe4 Nxf4 16. Rxf4 Bg5 17. Rf3 f5 18. e5 f4 19. gxf4 Qg4+ 20. Rg3 Qxf4 21.
Nf3 Bh6 22. Nxd5 Qf7 23. c4 Rac8 24. b3 b5 25. Qe2 bxc4 26. e6 Qe8 27. bxc4 Nf6
28. Re1 Nxd5 29. cxd5 Bf4 30. Rg4 Bd6 31. Ne5 Rf6 32. Rb1 Bxe5 33. Qxe5 Rg6 34.
Qg3 Qa4 35. d6 Qxa2 36. Re1 Rxe6 37. Rxg7+ Kh8 38. d7 Rxe1+ 39. Qxe1 Rf8 40.
Rg2 Rg8 1/2-1/2

[Event "12 Ketrzynski Festiwal Szachowy - open A"]
[Site "Ketrzyn"]
[Date "2009.12.28"]
[Round "5.7"]
[White "Kanarkiewicz, Michal"]
[Black "Usakovas, Jevgenijus"]
[Result "1-0"]
[WhiteElo "1898"]
[BlackElo "2139"]
[PlyCount "161"]
[EventDate "2009.??.??"]

1. e4 c5 2. Nf3 d6 3. d4 cxd4 4. Nxd4 Nf6 5. Nc3 a6 6. Bg5 e6 7. f4 Be7 8. Qf3
Qc7 9. O-O-O Nc6 10. Nb3 Bd7 11. Bd3 Rc8 12. Rhe1 h6 13. Bh4 Nb4 14. Bf2 b5 15.
Kb1 e5 16. f5 O-O 17. Bh4 Rfe8 18. a3 Nxd3 19. Qxd3 Bc6 20. Bxf6 Bxf6 21. Qxd6
Qxd6 22. Rxd6 Be7 23. Rd3 b4 24. axb4 Bxb4 25. Ree3 Rb8 26. Nd5 Bf8 27. Na5
Bxd5 28. Rxd5 Rec8 29. Rb3 f6 30. Rxb8 Rxb8 31. Nc4 Rc8 32. b3 Bc5 33. Kb2 Kf8
34. Rd7 Rc6 35. c3 Be7 36. Rb7 Bc5 37. Kc2 Bf2 38. Kd3 Rc8 39. Rd7 Rb8 40. b4
Rc8 41. Nd6 Rc6 42. Nc4 Rc8 43. Na5 Be1 44. Nc4 Bf2 45. Nd6 Rc6 46. Nb7 Be1 47.
Nc5 a5 48. Kc4 Rc8 49. Rb7 Bf2 50. Rb8 Rxb8 51. Nd7+ Ke7 52. Nxb8 a4 53. Na6
Kd6 54. b5 Be1 55. Kb4 Bd2 56. Kxa4 Bxc3 57. Kb3 Ba5 58. Kc4 Bb6 59. Nb4 Be3
60. g4 Bf2 61. Nd3 Be3 62. Ne1 Bf2 63. Nf3 Be3 64. Nh4 Bf2 65. Ng6 Be3 66. Nf8
Bf4 67. h3 Be3 68. Ne6 Bf2 69. Nxg7 Be3 70. Nh5 Bg5 71. Ng3 Be3 72. Ne2 Bf2 73.
Nc3 Be3 74. Nd5 Bg5 75. Kb4 Bd2+ 76. Ka4 Kc5 77. Nxf6 Bg5 78. Nd7+ Kd4 79. b6
Bd8 80. f6 Kxe4 81. f7 1-0

[Event "12 Ketrzynski Festiwal Szachowy - open A"]
[Site "Ketrzyn"]
[Date "2009.12.28"]
[Round "5.9"]
[White "Vaitonis, Vytautas"]
[Black "Baturo, Tomasz"]
[Result "0-1"]
[WhiteElo "2051"]
[BlackElo "2053"]
[PlyCount "82"]
[EventDate "2009.??.??"]

1. d4 Nf6 2. Nf3 e6 3. c4 Bb4+ 4. Bd2 Qe7 5. Qc2 Nc6 6. e3 Bxd2+ 7. Nbxd2 d6 8.
Be2 e5 9. d5 Nb8 10. O-O O-O 11. b4 c6 12. e4 a5 13. a3 Na6 14. dxc6 bxc6 15.
Rab1 axb4 16. axb4 c5 17. b5 Nb4 18. Qb3 Bb7 19. Bd3 Ra5 20. Ra1 Rfa8 21. Rxa5
Rxa5 22. Bb1 Qd8 23. Re1 Qa8 24. Qe3 h6 25. Qe2 Ra3 26. Nf1 Nh5 27. g3 Nf6 28.
N3d2 Rc3 29. f3 Qa3 30. Ne3 Nh7 31. f4 exf4 32. gxf4 Nd3 33. Bxd3 Rxd3 34. Nd1
Rd4 35. e5 dxe5 36. Qxe5 Nf8 37. Qb8 Ba8 38. Re8 Rxd2 39. Rxf8+ Kh7 40. Qxa8
Rxd1+ 41. Kg2 Rd2+ 0-1

[Event "12 Ketrzynski Festiwal Szachowy - open A"]
[Site "Ketrzyn"]
[Date "2009.12.28"]
[Round "5.10"]
[White "Obiedzinski, Pawel"]
[Black "Wisniewski, Adam"]
[Result "1/2-1/2"]
[WhiteElo "2019"]
[BlackElo "2074"]
[PlyCount "45"]
[EventDate "2009.??.??"]

1. d4 Nf6 2. Bg5 e6 3. e3 Be7 4. Bd3 c5 5. c3 cxd4 6. exd4 Nd5 7. Bxe7 Qxe7 8.
Nf3 Nc6 9. O-O Nf4 10. Re1 Qf6 11. Bf1 O-O 12. c4 d5 13. Nc3 dxc4 14. Ne5 Rd8
15. Nxc6 bxc6 16. Bxc4 Rb8 17. Qc2 Rxd4 18. Ne2 Nxe2+ 19. Bxe2 e5 20. Bf3 Bg4
21. Bxg4 Rxg4 22. b3 Rd8 23. Rac1 1/2-1/2

[Event "12 Ketrzynski Festiwal Szachowy - open A"]
[Site "Ketrzyn"]
[Date "2009.12.28"]
[Round "5.11"]
[White "Kaczmarek, Arkadiusz"]
[Black "Barsciauskas, Gintautas"]
[Result "1/2-1/2"]
[WhiteElo "2019"]
[BlackElo "1904"]
[PlyCount "89"]
[EventDate "2009.??.??"]

1. d4 d6 2. c4 c6 3. Nc3 Nd7 4. e4 e5 5. Nf3 Be7 6. Be3 Ngf6 7. h3 O-O 8. Be2
Ne8 9. Qc2 a6 10. O-O g6 11. Rfd1 Qc7 12. Rac1 Ng7 13. c5 b5 14. cxb6 Nxb6 15.
dxe5 dxe5 16. Nxe5 Qxe5 17. Bxb6 Bg5 18. Rb1 Be6 19. b4 Rfc8 20. Na4 Re8 21.
Bd4 Qc7 22. Nb6 Rab8 23. Nc4 Ra8 24. a4 f5 25. exf5 Nxf5 26. Ba1 h5 27. Ne5 Kh7
28. Nxc6 Rec8 29. b5 axb5 30. axb5 Ra2 31. Rb2 Ra3 32. Rbb1 Qb6 33. Bc4 Re3 34.
Bxe6 Rxe6 35. Rd7+ Kh6 36. g4 Ne7 37. Qb3 Rcxc6 38. bxc6 Re1+ 39. Rxe1 Qxb3 40.
c7 Qxh3 41. Rexe7 Qxg4+ 42. Kh1 Qh4+ 43. Kg1 Qg4+ 44. Kh1 Qh4+ 45. Kg1 1/2-1/2

[Event "12 Ketrzynski Festiwal Szachowy - open A"]
[Site "Ketrzyn"]
[Date "2009.12.29"]
[Round "6.1"]
[White "Czaus, Piotr"]
[Black "Dambrauskas, Virginijus"]
[Result "1/2-1/2"]
[WhiteElo "2007"]
[BlackElo "2364"]
[PlyCount "92"]
[EventDate "2009.??.??"]

1. d4 d5 2. c4 c6 3. Nc3 Nf6 4. e3 a6 5. a3 Bf5 6. Nf3 e6 7. b4 b5 8. c5 a5 9.
Bb2 Be7 10. Ne5 Nfd7 11. f4 f6 12. Nf3 Na6 13. Qb3 O-O 14. Be2 a4 15. Qd1 Nc7
16. O-O Be4 17. Bd3 Bxd3 18. Qxd3 f5 19. Ne5 Ra6 20. Ne2 Nf6 21. Rf3 Nce8 22.
Raf1 Ne4 23. Bc3 N8f6 24. Be1 Qe8 25. Bh4 h6 26. Bxf6 gxf6 27. Nxc6 Qxc6 28.
Rh3 Kg7 29. Nc3 Rb8 30. Nxe4 dxe4 31. Qd1 Rh8 32. g4 Qd5 33. Kh1 Kf7 34. Rg1
Raa8 35. gxf5 exf5 36. Qe2 Rab8 37. Rhg3 Rh7 38. Qh5+ Ke6 39. Rg8 Rxg8 40. Rxg8
Qc4 41. Rg1 Rh8 42. h3 Rd8 43. Rg7 Qf1+ 44. Kh2 Qf2+ 45. Kh1 Qf1+ 46. Kh2 Qf2+
1/2-1/2

[Event "12 Ketrzynski Festiwal Szachowy - open A"]
[Site "Ketrzyn"]
[Date "2009.12.29"]
[Round "6.3"]
[White "Piesik, Piotr"]
[Black "Kanarkiewicz, Michal"]
[Result "1-0"]
[WhiteElo "2270"]
[BlackElo "1898"]
[PlyCount "73"]
[EventDate "2009.??.??"]

1. Nf3 Nf6 2. d4 g6 3. g3 Bg7 4. Bg2 O-O 5. O-O d6 6. Nbd2 c5 7. dxc5 dxc5 8.
e4 Nc6 9. c3 Qc7 10. Qe2 Rd8 11. Nc4 Ng4 12. Bf4 Nge5 13. Nfxe5 Nxe5 14. Ne3 e6
15. Rad1 Bd7 16. h4 Qa5 17. h5 Bb5 18. c4 Bc6 19. h6 Bh8 20. Bxe5 Bxe5 21. Ng4
Bh8 22. e5 Bxg2 23. Kxg2 Rxd1 24. Rxd1 Rd8 25. Rd3 Rd4 26. Qd1 Qd8 27. Rxd4
cxd4 28. Qd3 f5 29. exf6 Bxf6 30. Qe4 Qe7 31. Nxf6+ Qxf6 32. Qxb7 g5 33. Qb8+
Kf7 34. Qxa7+ Kg6 35. Qg7+ Qxg7 36. hxg7 Kxg7 37. g4 1-0

[Event "12 Ketrzynski Festiwal Szachowy - open A"]
[Site "Ketrzyn"]
[Date "2009.12.29"]
[Round "6.4"]
[White "Gawronski, Miroslaw"]
[Black "Drozdowski, Kacper"]
[Result "1/2-1/2"]
[WhiteElo "2193"]
[BlackElo "2198"]
[PlyCount "103"]
[EventDate "2009.??.??"]

1. d4 Nf6 2. c4 g6 3. Nc3 d5 4. Bf4 Bg7 5. e3 O-O 6. Qb3 dxc4 7. Bxc4 a6 8. a4
b6 9. h3 Bb7 10. Nf3 Nc6 11. a5 e6 12. O-O Ne7 13. Rfe1 Bxf3 14. gxf3 Nfd5 15.
Nxd5 exd5 16. Bd3 b5 17. Rec1 c6 18. Qb4 Qd7 19. Bd6 Bf6 20. Kg2 Rfc8 21. Bg3
Nf5 22. Bxf5 Qxf5 23. Qd6 Qe6 24. Rc2 Bd8 25. Rac1 Bxa5 26. Rxc6 Qxd6 27. Bxd6
Rxc6 28. Rxc6 Bd8 29. Rc5 Bb6 30. Rc6 Bd8 31. Kf1 f6 32. Ke2 Kf7 33. Bc5 a5 34.
Rd6 a4 35. Rxd5 Ke8 36. Rd6 Rb8 37. Kd3 Rb7 38. Ra6 Kd7 39. e4 Be7 40. Kc3 b4+
41. Kc4 a3 42. Kb3 axb2 43. Kxb2 Bxc5 44. dxc5 Rb5 45. Rd6+ Kc7 46. Rxf6 Rxc5
47. Kb3 Kd8 48. Kxb4 Rh5 49. Kc4 Ke7 50. Rf4 Rxh3 51. Rg4 Rh6 52. Rg1 1/2-1/2

[Event "12 Ketrzynski Festiwal Szachowy - open A"]
[Site "Ketrzyn"]
[Date "2009.12.29"]
[Round "6.5"]
[White "Kobus, Sebastian"]
[Black "Kotlowski, Tomasz"]
[Result "1/2-1/2"]
[WhiteElo "2074"]
[BlackElo "2019"]
[PlyCount "45"]
[EventDate "2009.??.??"]

1. e4 e6 2. d4 d5 3. exd5 exd5 4. Bd3 Nf6 5. Nf3 Qe7+ 6. Qe2 Qxe2+ 7. Bxe2 Bg4
8. Bg5 Be7 9. Bxf6 Bxf6 10. c3 Bxf3 11. Bxf3 c6 12. O-O O-O 13. Nd2 Nd7 14.
Rfe1 Rfe8 15. Kf1 Kf8 16. Rxe8+ Rxe8 17. Re1 Rxe1+ 18. Kxe1 Bg5 19. Ke2 Bxd2
20. Kxd2 Ke7 21. Bg4 h6 22. Bxd7 Kxd7 23. Ke3 1/2-1/2

[Event "12 Ketrzynski Festiwal Szachowy - open A"]
[Site "Ketrzyn"]
[Date "2009.12.29"]
[Round "6.6"]
[White "Puczylowski, Marcin"]
[Black "Zielinski, Stanislaw"]
[Result "1/2-1/2"]
[WhiteElo "2084"]
[BlackElo "2159"]
[PlyCount "37"]
[EventDate "2009.??.??"]

1. e4 e5 2. Nf3 Nc6 3. Bc4 Bc5 4. d3 Nf6 5. Bb3 d6 6. c3 O-O 7. Nbd2 Be6 8. h3
Re8 9. Nf1 Bb6 10. Ng3 d5 11. Qe2 dxe4 12. dxe4 Bxb3 13. axb3 Nd7 14. b4 f6 15.
Nh4 Qe7 16. Ngf5 Qf7 17. Qg4 Kh8 18. O-O Nf8 19. Rd1 1/2-1/2

[Event "12 Ketrzynski Festiwal Szachowy - open A"]
[Site "Ketrzyn"]
[Date "2009.12.29"]
[Round "6.7"]
[White "Baturo, Tomasz"]
[Black "Renkowski, Piotr"]
[Result "1-0"]
[WhiteElo "2053"]
[BlackElo "1793"]
[PlyCount "113"]
[EventDate "2009.??.??"]

1. d4 d5 2. Nf3 Nf6 3. c4 e6 4. Qc2 c6 5. g3 Nbd7 6. Bg2 Be7 7. O-O O-O 8. b3
Ne4 9. Nfd2 Nxd2 10. Nxd2 Nf6 11. Bb2 Re8 12. e4 dxe4 13. Nxe4 Qc7 14. a3 h6
15. b4 Nxe4 16. Bxe4 Bf6 17. f4 a5 18. Bc3 Rd8 19. Qb2 axb4 20. axb4 Rxa1 21.
Rxa1 Qb6 22. Ra8 Bd7 23. Ra5 Be8 24. c5 Qc7 25. Ra7 Qd7 26. Bf3 Bxd4+ 27. Bxd4
Qxd4+ 28. Qxd4 Rxd4 29. Rxb7 Kh7 30. Rb8 Bd7 31. Rd8 Rxb4 32. Rxd7 Rc4 33. Rxf7
Rxc5 34. Be4+ Kg8 35. Re7 Rc1+ 36. Kf2 Kf8 37. Rxe6 Kf7 38. Rxc6 Ra1 39. Bd5+
Ke7 40. Re6+ Kf8 41. Re5 Rd1 42. Bf3 Rd2+ 43. Be2 Kf7 44. Ra5 Kf6 45. h4 Rb2
46. g4 Rb4 47. Ra6+ Kf7 48. Kg3 Rb3+ 49. Bf3 Rc3 50. f5 Rc5 51. Kf4 Rb5 52.
Ra7+ Kf8 53. g5 Rb6 54. Be4 Rd6 55. Ra8+ Ke7 56. g6 Rb6 57. Rg8 1-0

[Event "12 Ketrzynski Festiwal Szachowy - open A"]
[Site "Ketrzyn"]
[Date "2009.12.29"]
[Round "6.8"]
[White "Wisniewski, Adam"]
[Black "Usakovas, Jevgenijus"]
[Result "1-0"]
[WhiteElo "2074"]
[BlackElo "2139"]
[PlyCount "23"]
[EventDate "2009.??.??"]

1. e4 c5 2. c3 d5 3. exd5 Qxd5 4. d4 Nf6 5. Nf3 Bg4 6. Be2 e6 7. O-O Nc6 8. h3
Bh5 9. Be3 cxd4 10. Nxd4 Bxe2 11. Qxe2 Nxd4 12. Bxd4 1-0

[Event "12 Ketrzynski Festiwal Szachowy - open A"]
[Site "Ketrzyn"]
[Date "2009.12.29"]
[Round "6.9"]
[White "Kaczmarek, Arkadiusz"]
[Black "Reza, Wojciech"]
[Result "1/2-1/2"]
[WhiteElo "2019"]
[BlackElo "1926"]
[PlyCount "41"]
[EventDate "2009.??.??"]

1. d4 Nf6 2. c4 e6 3. Nf3 Bb4+ 4. Bd2 Qe7 5. Qc2 Nc6 6. a3 Bxd2+ 7. Nbxd2 d6 8.
e4 e5 9. d5 Nb8 10. b4 a5 11. Rb1 O-O 12. Bd3 Na6 13. c5 axb4 14. Bxa6 b3 15.
Rxb3 Rxa6 16. cxd6 cxd6 17. O-O Nd7 18. Ne1 Nc5 19. Rc3 Bd7 20. Nd3 Bb5 21.
Nxc5 1/2-1/2

[Event "12 Ketrzynski Festiwal Szachowy - open A"]
[Site "Ketrzyn"]
[Date "2009.12.29"]
[Round "6.10"]
[White "Obiedzinski, Pawel"]
[Black "Vaitonis, Vytautas"]
[Result "0-1"]
[WhiteElo "2019"]
[BlackElo "2051"]
[PlyCount "49"]
[EventDate "2009.??.??"]

1. d4 Nf6 2. Bg5 e6 3. e3 Be7 4. Nd2 b6 5. Bd3 Bb7 6. Ngf3 d6 7. Qe2 a6 8. e4
Nbd7 9. O-O h6 10. Bh4 g5 11. Bg3 Nh5 12. d5 e5 13. b4 Nf4 14. Qe3 g4 15. Nxe5
dxe5 16. Bxf4 exf4 17. Qd4 Bf6 18. e5 Bxe5 19. Rae1 Qe7 20. Qe4 O-O-O 21. Nc4
f6 22. Qf5 Kb8 23. Nd2 Qxb4 24. Ne4 Qa4 25. c4 0-1

[Event "12 Ketrzynski Festiwal Szachowy - open A"]
[Site "Ketrzyn"]
[Date "2009.12.29"]
[Round "6.11"]
[White "Kapica, Pawel"]
[Black "Barsciauskas, Gintautas"]
[Result "0-1"]
[WhiteElo "1833"]
[BlackElo "1904"]
[PlyCount "72"]
[EventDate "2009.??.??"]

1. d4 d6 2. c4 Nd7 3. e4 e5 4. Nf3 Be7 5. Be2 Ngf6 6. Nc3 c6 7. Qc2 O-O 8. Bd2
a6 9. O-O Ne8 10. b4 b6 11. Rab1 Nc7 12. Rfd1 Bf6 13. Be3 Qe7 14. c5 bxc5 15.
dxc5 dxc5 16. bxc5 Nb5 17. Nxb5 axb5 18. Rd6 Bb7 19. Rbd1 Nb8 20. Ne1 Bc8 21.
Nd3 Be6 22. Nb4 Qb7 23. Ra1 Be7 24. Rd2 f6 25. f4 Ra3 26. Rd3 Ra4 27. Qc3 Nd7
28. f5 Bf7 29. Bf2 Rfa8 30. Bd1 Ra3 31. Qc2 Bc4 32. Rxa3 Rxa3 33. Be2 Bxe2 34.
Qxe2 Bxc5 35. Rd1 Bxb4 36. Qh5 Qc8 0-1

[Event "12 Ketrzynski Festiwal Szachowy - open A"]
[Site "Ketrzyn"]
[Date "2009.12.29"]
[Round "7.2"]
[White "Budrewicz, Krzysztof"]
[Black "Piesik, Piotr"]
[Result "0-1"]
[WhiteElo "2317"]
[BlackElo "2270"]
[PlyCount "152"]
[EventDate "2009.??.??"]

1. d4 d5 2. Nf3 Nf6 3. c4 dxc4 4. Nc3 a6 5. e4 b5 6. e5 Nd5 7. a4 Nxc3 8. bxc3
Qd5 9. Be2 Bb7 10. O-O e6 11. Ne1 Qd7 12. Be3 c5 13. Nc2 Nc6 14. axb5 axb5 15.
Rxa8+ Bxa8 16. dxc5 Nxe5 17. Qxd7+ Kxd7 18. Ra1 Bb7 19. Ra7 Kc8 20. Nb4 Kb8 21.
Ra5 Be7 22. Rxb5 Kc7 23. f4 Nc6 24. Bf3 Ba8 25. Na6+ Kd7 26. Rb6 Na5 27. Nb8+
Kc7 28. Na6+ Kd7 29. c6+ Bxc6 30. Nb8+ Rxb8 31. Rxb8 Bxf3 32. gxf3 Bf6 33. Bd2
Nc6 34. Rb7+ Kd6 35. Rb5 e5 36. Kf2 Ne7 37. Rb4 Kd5 38. fxe5 Bxe5 39. h3 f5 40.
Ke2 h6 41. Rb5+ Kd6 42. Rb4 Kd5 43. Kd1 Bd6 44. Rb5+ Ke6 45. Rb7 g5 46. Ra7 f4
47. Bc1 Nf5 48. Ba3 Be5 49. Ra6+ Kd5 50. Bb4 h5 51. Ke2 Ne3 52. Rh6 g4 53. Rxh5
gxh3 54. Rxh3 Nc2 55. Ba5 Na3 56. Kd2 Nb5 57. Bb4 Nc7 58. Rh5 Ne6 59. Kc2 Ng7
60. Rg5 Ne6 61. Rg1 Nc7 62. Rd1+ Ke6 63. Bc5 Nb5 64. Bd4 Bxd4 65. cxd4 Kd5 66.
Rd2 Na3+ 67. Kb2 c3+ 68. Kxc3 Nb1+ 69. Kd3 Nxd2 70. Kxd2 Kxd4 71. Ke2 Kc3 72.
Ke1 Kd3 73. Kd1 Ke3 74. Ke1 Kxf3 75. Kf1 Ke3 76. Ke1 f3 0-1

[Event "12 Ketrzynski Festiwal Szachowy - open A"]
[Site "Ketrzyn"]
[Date "2009.12.29"]
[Round "7.3"]
[White "Drozdowski, Kacper"]
[Black "Czaus, Piotr"]
[Result "1-0"]
[WhiteElo "2198"]
[BlackElo "2007"]
[PlyCount "73"]
[EventDate "2009.??.??"]

1. e4 g6 2. d4 Bg7 3. Nc3 d6 4. f4 c6 5. Nf3 Nf6 6. Bd3 O-O 7. Qe2 e5 8. dxe5
dxe5 9. Nxe5 Nbd7 10. Nf3 Re8 11. O-O Nxe4 12. Nxe4 f5 13. Bc4+ Kf8 14. Nfg5
Bd4+ 15. Be3 Nf6 16. Bxd4 Qxd4+ 17. Qf2 Rxe4 18. Nxe4 Qxe4 19. Qc5+ Qe7 20.
Qxe7+ Kxe7 21. Rfe1+ Ne4 22. Bd3 Kf6 23. Bxe4 fxe4 24. Rxe4 Bf5 25. Re2 Rd8 26.
Rae1 Rd7 27. c3 h5 28. h3 b5 29. Kh2 a5 30. Re5 Rd6 31. R1e2 Be6 32. Rxe6+ Rxe6
33. Rxe6+ Kxe6 34. g4 c5 35. Kg3 Kd5 36. f5 gxf5 37. gxh5 1-0

[Event "12 Ketrzynski Festiwal Szachowy - open A"]
[Site "Ketrzyn"]
[Date "2009.12.29"]
[Round "7.4"]
[White "Kotlowski, Tomasz"]
[Black "Baturo, Tomasz"]
[Result "0-1"]
[WhiteElo "2019"]
[BlackElo "2053"]
[PlyCount "64"]
[EventDate "2009.??.??"]

1. e4 c5 2. Nc3 Nc6 3. f4 g6 4. Nf3 Bg7 5. Bc4 e6 6. f5 Nge7 7. fxe6 dxe6 8. d3
a6 9. a4 O-O 10. O-O Nd4 11. Nxd4 Qxd4+ 12. Kh1 Nc6 13. Bf4 Na5 14. Ba2 Qd7 15.
Qd2 b5 16. Bh6 c4 17. Bxg7 Kxg7 18. Ne2 cxd3 19. cxd3 Nc6 20. Ng3 Qd4 21. Rf4
Kg8 22. Raf1 bxa4 23. Rg4 Kh8 24. Nh5 gxh5 25. Qh6 Bd7 26. Rg5 f5 27. Bxe6 Bxe6
28. Rxh5 Qd7 29. exf5 Bd5 30. f6 Rf7 31. Rff5 Be4 32. Rfg5 Qxd3 0-1

[Event "12 Ketrzynski Festiwal Szachowy - open A"]
[Site "Ketrzyn"]
[Date "2009.12.29"]
[Round "7.5"]
[White "Zielinski, Stanislaw"]
[Black "Gawronski, Miroslaw"]
[Result "0-1"]
[WhiteElo "2159"]
[BlackElo "2193"]
[PlyCount "52"]
[EventDate "2009.??.??"]

1. e4 e5 2. Nf3 Nc6 3. Bc4 Bc5 4. c3 Nf6 5. d4 exd4 6. cxd4 Bb4+ 7. Nc3 Nxe4 8.
O-O Bxc3 9. d5 Bf6 10. Re1 Ne7 11. Rxe4 d6 12. Bg5 Bxg5 13. Nxg5 h6 14. Qe2
hxg5 15. Re1 Be6 16. dxe6 f5 17. Re3 d5 18. Rh3 Rxh3 19. gxh3 Ng6 20. Qd3 dxc4
21. Qxf5 Qf6 22. Qb5+ Kf8 23. Qxc4 Kg8 24. Qxc7 Re8 25. Qc4 Re7 26. Qc8+ Kh7
0-1

[Event "12 Ketrzynski Festiwal Szachowy - open A"]
[Site "Ketrzyn"]
[Date "2009.12.29"]
[Round "7.6"]
[White "Kanarkiewicz, Michal"]
[Black "Kobus, Sebastian"]
[Result "0-1"]
[WhiteElo "1898"]
[BlackElo "2074"]
[PlyCount "62"]
[EventDate "2009.??.??"]

1. e4 b6 2. d4 Bb7 3. Nc3 e6 4. Nf3 Bb4 5. Bd3 Ne7 6. O-O O-O 7. a3 Bxc3 8.
bxc3 f5 9. e5 Ng6 10. a4 Nc6 11. Re1 a5 12. Bf1 Nce7 13. Ba3 h6 14. c4 Rf7 15.
Nd2 f4 16. Qh5 Rf5 17. Qh3 f3 18. g3 Rg5 19. Ne4 Nf4 20. Qh4 Neg6 21. Qxg5 hxg5
22. gxf4 Nxf4 23. Bc1 Bxe4 24. Rxe4 Qf8 25. Bxf4 gxf4 26. Bh3 Qf7 27. Rae1 Qh5
28. Bf1 Rf8 29. d5 Rf5 30. h3 Qh4 31. dxe6 Rg5+ 0-1

[Event "12 Ketrzynski Festiwal Szachowy - open A"]
[Site "Ketrzyn"]
[Date "2009.12.29"]
[Round "7.7"]
[White "Reza, Wojciech"]
[Black "Puczylowski, Marcin"]
[Result "1/2-1/2"]
[WhiteElo "1926"]
[BlackElo "2084"]
[PlyCount "47"]
[EventDate "2009.??.??"]

1. e4 c5 2. Nf3 Nc6 3. Nc3 Nf6 4. Bb5 Nd4 5. Bc4 d6 6. Nxd4 cxd4 7. Nb5 Nxe4 8.
Qh5 e6 9. Nxd4 Nf6 10. Bb5+ Bd7 11. Bxd7+ Qxd7 12. Qb5 a6 13. Qxd7+ Nxd7 14.
Nb3 Rc8 15. c3 d5 16. d3 Nc5 17. Nxc5 Bxc5 18. Be3 Kd7 19. Bxc5 Rxc5 20. Kd2
Rhc8 21. d4 R5c6 22. Rhe1 b5 23. a3 a5 24. Re3 1/2-1/2

[Event "12 Ketrzynski Festiwal Szachowy - open A"]
[Site "Ketrzyn"]
[Date "2009.12.29"]
[Round "7.8"]
[White "Vaitonis, Vytautas"]
[Black "Wisniewski, Adam"]
[Result "1/2-1/2"]
[WhiteElo "2051"]
[BlackElo "2074"]
[PlyCount "67"]
[EventDate "2009.??.??"]

1. d4 Nf6 2. Nf3 g6 3. c4 Bg7 4. g3 O-O 5. Bg2 d6 6. O-O a6 7. Nc3 Nc6 8. Re1
Rb8 9. d5 Na5 10. Qd3 c5 11. h3 Bd7 12. e4 b5 13. cxb5 axb5 14. e5 dxe5 15.
Nxe5 b4 16. Nxd7 Qxd7 17. Ne4 Rbc8 18. Nxf6+ Bxf6 19. Qe2 Rfe8 20. Bf4 c4 21.
Be5 Bxe5 22. Qxe5 Nb7 23. Red1 Nd6 24. a3 bxa3 25. bxa3 Qa4 26. h4 c3 27. h5
Qg4 28. hxg6 hxg6 29. Rdc1 c2 30. a4 Rc5 31. a5 Qb4 32. a6 Ra5 33. Rxa5 Qxa5
34. Rxc2 1/2-1/2

[Event "12 Ketrzynski Festiwal Szachowy - open A"]
[Site "Ketrzyn"]
[Date "2009.12.29"]
[Round "7.9"]
[White "Renkowski, Piotr"]
[Black "Kaczmarek, Arkadiusz"]
[Result "1-0"]
[WhiteElo "1793"]
[BlackElo "2019"]
[PlyCount "65"]
[EventDate "2009.??.??"]

1. e4 d5 2. exd5 Nf6 3. Nc3 Nxd5 4. d4 Nxc3 5. bxc3 g6 6. Nf3 Bg7 7. Bc4 O-O 8.
O-O Nc6 9. Re1 Na5 10. Bf1 Be6 11. Ba3 Re8 12. Bb4 Nc4 13. Rxe6 Nb2 14. Qc1
fxe6 15. Qxb2 c5 16. Bxc5 b6 17. Ba3 Rc8 18. Qb3 Qd5 19. Qxd5 exd5 20. Bb2 Bf6
21. Re1 Rc7 22. Ne5 Kg7 23. f4 Bxe5 24. Rxe5 e6 25. g3 Kf7 26. Kf2 h5 27. Ke1
Rd8 28. Kd2 Rcd7 29. c4 Kf6 30. cxd5 Rxd5 31. Ke3 Rxe5+ 32. fxe5+ Ke7 33. c4
1-0

[Event "12 Ketrzynski Festiwal Szachowy - open A"]
[Site "Ketrzyn"]
[Date "2009.12.29"]
[Round "7.10"]
[White "Usakovas, Jevgenijus"]
[Black "Kapica, Pawel"]
[Result "1/2-1/2"]
[WhiteElo "2139"]
[BlackElo "1833"]
[PlyCount "52"]
[EventDate "2009.??.??"]

1. d4 Nf6 2. Nf3 g6 3. c4 Bg7 4. g3 O-O 5. Bg2 c6 6. Nc3 d5 7. Qb3 Ne4 8. cxd5
Nxc3 9. bxc3 cxd5 10. Ba3 Nc6 11. Nd2 Be6 12. O-O b6 13. Rac1 Rc8 14. Rfe1 Re8
15. e3 Rc7 16. Qb5 Na5 17. Bf1 Qc8 18. Bb4 Nb7 19. c4 dxc4 20. Nxc4 Bd7 21. Qd5
e6 22. Qf3 b5 23. Bd6 Rc6 24. Ne5 Bxe5 25. Bxe5 Rxc1 26. Qf6 Kf8 1/2-1/2

[Event "12 Ketrzynski Festiwal Szachowy - open A"]
[Site "Ketrzyn"]
[Date "2009.12.29"]
[Round "7.11"]
[White "Barsciauskas, Gintautas"]
[Black "Obiedzinski, Pawel"]
[Result "0-1"]
[WhiteElo "1904"]
[BlackElo "2019"]
[PlyCount "36"]
[EventDate "2009.??.??"]

1. d3 d5 2. Nd2 Nf6 3. e4 e5 4. Be2 Nc6 5. c3 Be7 6. Ngf3 O-O 7. O-O Bg4 8. Ne1
Be6 9. g3 Nd7 10. f4 exf4 11. gxf4 dxe4 12. dxe4 Bh3 13. Ng2 Bc5+ 14. Kh1 Nf6
15. Rf3 Ng4 16. Ne1 Qh4 17. Rxh3 Nf2+ 18. Kg2 Qxh3+ 0-1

[Event "12 Ketrzynski Festiwal Szachowy - open A"]
[Site "Ketrzyn"]
[Date "2009.12.30"]
[Round "8.1"]
[White "Gawronski, Miroslaw"]
[Black "Dambrauskas, Virginijus"]
[Result "1-0"]
[WhiteElo "2193"]
[BlackElo "2364"]
[PlyCount "85"]
[EventDate "2009.??.??"]

1. d4 d5 2. Nf3 c6 3. Bf4 Nf6 4. e3 Bg4 5. c4 e6 6. Qb3 Qc8 7. Ne5 Bf5 8. h3
Nbd7 9. Nc3 Be7 10. g4 Bg6 11. f3 Nxe5 12. Bxe5 O-O 13. Rc1 Qd7 14. h4 h5 15.
g5 Ne8 16. Bh3 Bd6 17. cxd5 Bxe5 18. dxe5 cxd5 19. Ne2 Rc8 20. Kf2 Rc4 21. Rxc4
dxc4 22. Qxc4 Bd3 23. Qd4 Qxd4 24. Nxd4 Nc7 25. Rd1 Ba6 26. Rc1 Nd5 27. g6 Nb4
28. Rc7 Nd3+ 29. Kg3 fxg6 30. Nxe6 Re8 31. f4 Nxb2 32. Rxg7+ Kh8 33. Rc7 Bc4
34. Ng5 b5 35. Rh7+ Kg8 36. Bd7 Rb8 37. e6 Nd1 38. e7 Nxe3 39. e8=Q+ Rxe8 40.
Bxe8 Nf5+ 41. Kf2 Ng7 42. Bxg6 Bxa2 43. f5 1-0

[Event "12 Ketrzynski Festiwal Szachowy - open A"]
[Site "Ketrzyn"]
[Date "2009.12.30"]
[Round "8.2"]
[White "Szymczak, Zbigniew"]
[Black "Piesik, Piotr"]
[Result "1/2-1/2"]
[WhiteElo "2280"]
[BlackElo "2270"]
[PlyCount "110"]
[EventDate "2009.??.??"]

1. d4 d5 2. c4 dxc4 3. Nf3 Nf6 4. e3 e6 5. Bxc4 c5 6. O-O a6 7. Qe2 b5 8. Bb3
Bb7 9. Nc3 Nbd7 10. Rd1 Qb6 11. a4 c4 12. Bc2 b4 13. a5 Qc7 14. Na4 Ne4 15. Nb6
Nxb6 16. axb6 Qxb6 17. Qxc4 Bd6 18. Ne5 Rc8 19. Ba4+ Ke7 20. Qe2 Bxe5 21. dxe5
Rhd8 22. f3 Nc5 23. Bc2 Rxd1+ 24. Bxd1 a5 25. e4 Ba6 26. Qf2 Qb5 27. Be3 h6 28.
Be2 Qxe2 29. Bxc5+ Ke8 30. Qxe2 Bxe2 31. Rxa5 b3 32. Kf2 Bc4 33. Ke3 Bf1 34. g3
g6 35. Kd4 Kd7 36. Ra3 Kc6 37. Rxb3 Ra8 38. Bd6 Ra7 39. Rc3+ Kb5 40. Rc5+ Kb6
41. Rc1 Ra4+ 42. Ke3 Bb5 43. Rc7 Ra7 44. Rxa7 Kxa7 45. Bf8 h5 46. g4 Kb6 47.
Kf4 Be2 48. Kg5 Bxf3 49. Kf6 Bxg4 50. Kxf7 h4 51. Kxg6 h3 52. Kg5 Bf3 53. Kf4
Bg2 54. Ke3 Kb5 55. Kd4 Bf3 1/2-1/2